000 00964nam a2200241Ia 4500
003 Ost
005 20260507075412.0
008 260507s9999||||xx |||||||||||||| ||und||
020 _a4606299579
040 _cfsecg
041 _aara
082 _a330
100 _aعباس، علي
_eمؤلف
245 0 _aأساسيات علم الإدارة /
_c علي عباس
250 _aطبعة 8
260 _aعمان:
_bدار المسيرة,
_c2014
300 _a271 صفحة؛
_bإيضاحات ؛
_c25 سم
504 _aالمراجع ص.261
520 _aيضم مدخل إلى علم الإدارة ، المدارس الإدارية ، التخطيط، إتخاذ القرارات،التنظيم، التوجيه و القيادة و الحفز، الرقابة الإدارية ، منظمات الأعمال، الحالات الإدارية
653 _aإدارة الأعمال
653 _aالعلوم الإدارية
942 _cكتاب
999 _c44428
_d44428